书目信息 |
| 题名: |
英语儿童文学史纲
|
|
| 作者: | 汤森 著 ;王林 译 | |
| 分册: | ||
| 出版信息: | 长沙 湖南少年儿童出版社 2020.07 |
|
| 页数: | 448页 | |
| 开本: | 24cm | |
| 丛书名: | 阿卡狄亚童书馆 | |
| 单 册: | ||
| 中图分类: | ||
| 科图分类: | ||
| 主题词: | 英语文学--儿童文学--文学史--世界 , 文学--世界 | |
| 电子资源: | ||
| ISBN: | 978-7-5562-3518-6 | |
| 000 | 01170nam 2200301 450 | |
| 001 | 2354978062 | |
| 005 | 20231123064133.38 | |
| 010 | @a978-7-5562-3518-6@dCNY68.00 | |
| 100 | @a20200916d2020 em y0chiy50 ea | |
| 101 | 1 | @achi@ceng |
| 102 | @aCN@b430000 | |
| 105 | @aa a 001yy | |
| 106 | @ar | |
| 200 | 1 | @a英语儿童文学史纲@f(英) 约翰·洛威·汤森著@g王林译 |
| 210 | @a长沙@c湖南少年儿童出版社@d2020.07 | |
| 215 | @a448页@c图@d24cm | |
| 225 | 2 | @a阿卡狄亚童书馆 |
| 320 | @a有书目 (第390-405页) 和索引 | |
| 330 | @a本书按照年代顺序, 分门别类地详细阐述了英语儿童文学的发展历史, 并在后记中分析了二十世纪末出现的“哈利·波特”和“黑暗物质三部曲”。在追溯英语儿童文学发展史的同时, 作者“史”“论”结合, 对许多作品发表了具有批判性的独特见解。另外, 作者以一种轻松、有趣的方式, 研究了人们对儿童及儿童文学作品不断变化的态度, 并分析了构成这一重要领域的各个方面。 | |
| 410 | 0 | @12001 @a阿卡狄亚童书馆 |
| 606 | 0 | @a英语文学@x儿童文学@x文学史@y世界 |
| 606 | 0 | @a文学@x世界 |
| 690 | @a@v5 | |
| 690 | @aI106.8@v4 | |
| 701 | 1 | @a汤森@g(Townsend, John Rowe)@4著 |
| 702 | 0 | @a王林@4译 |
| 801 | 0 | @aCN@b安徽时代出版发行有限公司@c20200916 |
| 905 | @dI106.8@e333 | |
| 英语儿童文学史纲/(英) 约翰·洛威·汤森著/王林译.-长沙:湖南少年儿童出版社,2020.07 |
| 448页:图;24cm.-(阿卡狄亚童书馆) |
| ISBN 978-7-5562-3518-6:CNY68.00 |
| 本书按照年代顺序, 分门别类地详细阐述了英语儿童文学的发展历史, 并在后记中分析了二十世纪末出现的“哈利·波特”和“黑暗物质三部曲”。在追溯英语儿童文学发展史的同时, 作者“史”“论”结合, 对许多作品发表了具有批判性的独特见解。另外, 作者以一种轻松、有趣的方式, 研究了人们对儿童及儿童文学作品不断变化的态度, 并分析了构成这一重要领域的各个方面。 |
| ● |
| 相关链接 |
|
|
|
|
正题名:英语儿童文学史纲
索取号:I106.8/333
 
预约/预借
| 序号 | 登录号 | 条形码 | 馆藏地/架位号 | 状态 | 备注 |
| 1 | 1411107 | 214111076 | 第一样本阅览室/ [索取号:I106.8/333] | 在馆 | |
| 2 | 1411108 | 214111085 | 第二借阅区/ [索取号:I106.8/333] | 在馆 | |
| 3 | 1411109 | 214111094 | 第二借阅区/ [索取号:I106.8/333] | 在馆 | |
| 4 | 1411110 | 214111101 | 第二借阅区/ [索取号:I106.8/333] | 在馆 | |
| 5 | 1411111 | 214111110 | 第二借阅区/ [索取号:I106.8/333] | 在馆 |